Vuoden biisin Emma-palkinnon voittajat - Statistics

Yleistilastot
  • Tätä visaa on pelattu 45 kertaa
    11 viimeisimmän päivityksen jälkeen
  • Keskiarvotulos 18 / 40
Vastaustilastot
Kappale % Oikein
Cha cha cha
100%
Hei rakas
100%
Bara bada bastu
90%
Hard Rock Hallelujah
90%
Vadelmavene
90%
Autiotalo
80%
Dark Side
80%
Frontside Ollie
80%
Ikuinen vappu
80%
Ram pam pam
80%
Sandstorm
80%
Tequila
80%
Timanttei
80%
Jättiläinen
70%
Matkustaja
70%
Ihmisten edessä
60%
Levoton tuhkimo
60%
Silkkii
60%
2080-luvulla
50%
Baden-Baden
50%
Chasing Highs
40%
Kuka keksi rakkauden
40%
Marraskuu
40%
Mennyt mies
40%
Avaa hakas
30%
F-F-F-Falling
30%
En haluu kuolla tänä yönä
20%
Freestyler
20%
Kaksoiselämää
10%
Mun koti ei oo täällä
10%
Tuhat yötä
10%
Wings of a Butterfly
10%
Ihana ilta
0%
Mies, jolle ei koskaan tapahdu mitään
0%
Missä se Väinö on?
0%
One MC, One Delay
0%
Riidankylväjä
0%
Suljettu sydän
0%
Surupuku
0%
Taivas varjele
0%
Ehtoja vastaavia visoja ei löytynyt
Tulosjakauma
Jokaisen tuloksen saaneiden osuus
Persentiili vastausten määrän mukaan
Tuloshistoriasi
Et ole pelannut tätä visaa sen viimeisimmän päivityksen jälkeen